Statistics for Famous Brand Slogans

Click here to take the quiz!

General Stats

  • This quiz has been taken 10 times
  • The average score is 4 of 11

Answer Stats

Brand NameAnswer% Correct
NikeJust Do It
100%
SkittlesTaste The Rainbow
63%
Red BullRed Bull Gives You Wings
50%
SubwayEat Fresh
38%
StaplesThat Was Easy
25%
KFCIt's Finger Lickin' Good
25%
KitKatHave a Break, Have a KitKat
25%
GatoradeIs It In You?
13%
ToyotaLet's Go Places
13%
Burger KingHave It Your Way
13%
AdidasImpossible Is Nothing
0%

Score Distribution

Percentile by Number Answered

Percent of People with Each Score

Your Score History

You have not taken this quiz